[Event "Memorial Sergio Pons"]
[Site "Ciutadella ESP"]
[Date "2009.01.02"]
[Round "7.3"]
[White "Massanet Massanet, Sebastian"]
[Black "Mercadal Benejam, Josep"]
[Result "1-0"]
[WhiteElo "2299"]
[BlackElo "2140"]
[PlyCount "61"]
[EventDate "2008.12.28"]
[EventType "tourn"]
[EventRounds "9"]
[EventCountry "ESP"]
[EventCategory "3"]
[Source "lmi"]
[SourceDate "2008.12.27"]

1. e4 c6 2. d4 d5 3. e5 Bf5 4. Nc3 a6 5. Be3 Qb6 6. Na4 Qa5+ 7. c3 e6 8. b4 Qc7
9. g4 Be4 10. f3 Bg6 11. Ne2 b5 12. Nb2 Nd7 13. h4 h5 14. Nf4 Ne7 15. Nxg6 Nxg6
16. Bd3 Ne7 17. Kf2 g6 18. Qd2 Bg7 19. Bg5 Nf8 20. a4 Rb8 21. axb5 axb5 22. Ra6
Nd7 23. Kg2 hxg4 24. fxg4 f6 25. exf6 Bxf6 26. Re1 Rxh4 27. Bxh4 Bxh4 28. Rf1
Qg3+ 29. Kh1 Qxg4 30. Qh2 Nf5 31. Bxf5 1-0

[Event "Memorial Sergio Pons"]
[Site "Ciutadella ESP"]
[Date "2009.01.02"]
[Round "7.4"]
[White "Karim, Ismael"]
[Black "Movsziszian, Karen"]
[Result "1/2-1/2"]
[WhiteElo "2392"]
[BlackElo "2558"]
[PlyCount "25"]
[EventDate "2008.12.28"]
[EventType "tourn"]
[EventRounds "9"]
[EventCountry "ESP"]
[EventCategory "3"]
[Source "lmi"]
[SourceDate "2008.12.27"]

1. e4 c5 2. Nf3 d6 3. d4 Nf6 4. Nc3 cxd4 5. Nxd4 a6 6. Be3 e6 7. f3 b5 8. Qd2
b4 9. Na4 Nbd7 10. c4 Qc7 11. Be2 Be7 12. O-O Rb8 13. Rfd1 1/2-1/2

[Event "Memorial Sergio Pons"]
[Site "Ciutadella ESP"]
[Date "2009.01.02"]
[Round "7.5"]
[White "Pons Carreras, David"]
[Black "Alonso Garcia, Rene"]
[Result "1-0"]
[WhiteElo "2288"]
[BlackElo "2368"]
[PlyCount "107"]
[EventDate "2008.12.28"]
[EventType "tourn"]
[EventRounds "9"]
[EventCountry "ESP"]
[EventCategory "3"]
[Source "lmi"]
[SourceDate "2008.12.27"]

1. Nf3 d5 2. d4 Nf6 3. c4 c6 4. e3 Bg4 5. cxd5 Bxf3 6. Qxf3 cxd5 7. Nc3 Nc6 8.
Bd3 e6 9. O-O Bd6 10. Qh3 a6 11. Bd2 e5 12. Rae1 e4 13. Bc2 Qc8 14. Qxc8+ Rxc8
15. Bb3 Bb4 16. Re2 Bxc3 17. Bxc3 b6 18. f3 exf3 19. gxf3 O-O 20. Rc2 a5 21.
Rfc1 Ne7 22. Be1 Rxc2 23. Rxc2 Nf5 24. Kf2 Re8 25. Ba4 Rb8 26. Rc7 g6 27. Bb3
Re8 28. Bd2 Re6 29. Bc2 Nd6 30. Bd3 g5 31. h3 h5 32. b4 a4 33. b5 g4 34. hxg4
hxg4 35. Bb4 Kg7 36. Rc6 Nde8 37. Rxe6 fxe6 38. Bc2 gxf3 39. Kxf3 Ne4 40. Bxe4
dxe4+ 41. Kxe4 Kf7 42. Ke5 Ng7 43. e4 Ne8 44. d5 exd5 45. exd5 Nf6 46. Kd6 Ke8
47. Kc6 Kd8 48. Be1 Nd7 49. Bf2 Kc8 50. d6 Ne5+ 51. Kxb6 Kd7 52. Bg3 Nd3 53.
Ka5 a3 54. Ka4 1-0

[Event "Memorial Sergio Pons"]
[Site "Ciutadella ESP"]
[Date "2009.01.03"]
[Round "8.1"]
[White "Pons Sastre, Santiago"]
[Black "Alonso Garcia, Rene"]
[Result "1-0"]
[WhiteElo "2378"]
[BlackElo "2368"]
[PlyCount "43"]
[EventDate "2008.12.28"]
[EventType "tourn"]
[EventRounds "9"]
[EventCountry "ESP"]
[EventCategory "3"]
[Source "lmi"]
[SourceDate "2008.12.27"]

1. c4 Nf6 2. g3 g6 3. Bg2 Bg7 4. Nf3 O-O 5. Nc3 d6 6. O-O e5 7. d4 Nbd7 8. dxe5
Nxe5 9. Nxe5 dxe5 10. Qxd8 Rxd8 11. Bg5 c6 12. Ne4 Nxe4 13. Bxd8 Nd2 14. Rfd1
Nxc4 15. b3 Nb6 16. Bxb6 axb6 17. Rd8+ Bf8 18. Rad1 Kg7 19. a4 f5 20. Re8 b5
21. axb5 cxb5 22. Rc1 1-0

[Event "Memorial Sergio Pons"]
[Site "Ciutadella ESP"]
[Date "2009.01.03"]
[Round "8.2"]
[White "Movsziszian, Karen"]
[Black "Pons Carreras, David"]
[Result "1-0"]
[WhiteElo "2558"]
[BlackElo "2288"]
[PlyCount "97"]
[EventDate "2008.12.28"]
[EventType "tourn"]
[EventRounds "9"]
[EventCountry "ESP"]
[EventCategory "3"]
[Source "lmi"]
[SourceDate "2008.12.27"]

1. g3 d5 2. Bg2 c6 3. Nf3 Nf6 4. c4 Bf5 5. O-O e6 6. cxd5 cxd5 7. Qb3 Qb6 8.
Qxb6 axb6 9. d3 Nc6 10. Nc3 Bc5 11. Nh4 Bg4 12. h3 Bh5 13. g4 Bg6 14. Bd2 O-O
15. Kh1 d4 16. Nb5 Na7 17. Nxa7 Rxa7 18. a3 e5 19. Rac1 Rd8 20. Rc4 Nd7 21.
Rfc1 Kf8 22. Kg1 f6 23. Nxg6+ hxg6 24. Be4 g5 25. Bf5 Ke7 26. Bb4 Kd6 27. Bxd7
Bxb4 28. Rxb4 Kxd7 29. Rxb6 Rc8 30. Rd6+ Kxd6 31. Rxc8 b6 32. Kg2 Rb7 33. Kg3
b5 34. h4 gxh4+ 35. Kxh4 Ke6 36. Kh5 b4 37. a4 b3 38. Kg6 Kd5 39. f3 Ra7 40.
Rb8 Rxa4 41. Kxg7 Ra6 42. Kf7 Rc6 43. Rb5+ Kd6 44. Kxf6 Rc2 45. Rxe5 Rxb2 46.
g5 Rc2 47. g6 b2 48. Rb5 Rxe2 49. g7 1-0

[Event "Memorial Sergio Pons"]
[Site "Ciutadella ESP"]
[Date "2009.01.03"]
[Round "8.3"]
[White "Mercadal Benejam, Josep"]
[Black "Karim, Ismael"]
[Result "0-1"]
[WhiteElo "2140"]
[BlackElo "2392"]
[PlyCount "72"]
[EventDate "2008.12.28"]
[EventType "tourn"]
[EventRounds "9"]
[EventCountry "ESP"]
[EventCategory "3"]
[Source "lmi"]
[SourceDate "2008.12.27"]

1. Nf3 d5 2. b3 Bg4 3. Bb2 Nd7 4. g3 Bxf3 5. exf3 e5 6. Bg2 Ngf6 7. O-O Bd6 8.
Nc3 c6 9. d4 O-O 10. dxe5 Nxe5 11. f4 Ned7 12. Ne2 Re8 13. Nd4 Nc5 14. Nf5 Bf8
15. Nh4 Nce4 16. Nf3 Bc5 17. Nd4 a5 18. Kh1 a4 19. a3 axb3 20. cxb3 Bf8 21. f3
Nd6 22. Nc2 Nd7 23. Bh3 Nc5 24. Nd4 Qb6 25. Qc2 Re3 26. b4 Na4 27. Bc1 Qxd4 28.
Bxe3 Qxe3 29. Qf2 Qxf2 30. Rxf2 g6 31. f5 Bg7 32. Rb1 Nc3 33. Re1 Bf6 34. fxg6
hxg6 35. f4 Rxa3 36. Bc8 Nce4 0-1

[Event "Memorial Sergio Pons"]
[Site "Ciutadella ESP"]
[Date "2009.01.03"]
[Round "8.4"]
[White "Lopez, Jordi"]
[Black "Massanet Massanet, Sebastian"]
[Result "0-1"]
[WhiteElo "2301"]
[BlackElo "2299"]
[PlyCount "82"]
[EventDate "2008.12.28"]
[EventType "tourn"]
[EventRounds "9"]
[EventCountry "ESP"]
[EventCategory "3"]
[Source "lmi"]
[SourceDate "2008.12.27"]

1. d4 Nf6 2. Nf3 g6 3. c4 Bg7 4. Nc3 d5 5. e3 O-O 6. Be2 c5 7. O-O cxd4 8. exd4
Nc6 9. h3 Bf5 10. Be3 Rc8 11. Qa4 dxc4 12. Bxc4 Ne4 13. Rac1 a6 14. Be2 Qd6 15.
a3 Rfd8 16. Rfd1 Nb8 17. Qb3 b5 18. a4 b4 19. Nxe4 Bxe4 20. Rc5 Nd7 21. Qxb4
Rb8 22. Qe1 Nxc5 23. dxc5 Qc6 24. Rxd8+ Rxd8 25. Qa5 Ra8 26. b3 Bd5 27. Qb4 Qe6
28. Nd2 Be5 29. Nc4 Bc7 30. Nb6 Rd8 31. Nxd5 Qxd5 32. g3 Rb8 33. Qc4 Qf5 34.
Qxa6 Rxb3 35. Bg4 Qd5 36. Be2 Bxg3 37. Bh6 Bc7 38. Qc8+ Bd8 39. Bf4 Rb1+ 40.
Bf1 Qd3 41. Kh2 Rxf1 0-1

[Event "Memorial Sergio Pons"]
[Site "Ciutadella ESP"]
[Date "2009.01.04"]
[Round "9.1"]
[White "Glicenstein, Asher"]
[Black "Pons Sastre, Santiago"]
[Result "0-1"]
[WhiteElo "2378"]
[BlackElo "2225"]
[PlyCount "44"]
[EventDate "2008.12.28"]
[EventType "tourn"]
[EventRounds "9"]
[EventCountry "ESP"]
[EventCategory "3"]
[Source "lmi"]
[SourceDate "2008.12.27"]

1. d4 d5 2. c4 c6 3. Nc3 e6 4. e3 Nf6 5. Nf3 Nbd7 6. Bd3 Bd6 7. e4 dxe4 8. Nxe4
Nxe4 9. Bxe4 c5 10. O-O O-O 11. b3 Qc7 12. Bb2 cxd4 13. Qxd4 e5 14. Qe3 Nf6 15.
Bc2 Re8 16. Nh4 Qb6 17. Qxb6 axb6 18. Rfe1 g6 19. h3 Nh5 20. a4 f6 21. Nxg6 Bb4
22. Re2 hxg6 0-1

[Event "Memorial Sergio Pons"]
[Site "Ciutadella ESP"]
[Date "2009.01.04"]
[Round "9.3"]
[White "Karim, Ismael"]
[Black "Lopez, Jordi"]
[Result "1/2-1/2"]
[WhiteElo "2392"]
[BlackElo "2301"]
[PlyCount "23"]
[EventDate "2008.12.28"]
[EventType "tourn"]
[EventRounds "9"]
[EventCountry "ESP"]
[EventCategory "3"]
[Source "lmi"]
[SourceDate "2008.12.27"]

1. e4 Nf6 2. e5 Nd5 3. d4 d6 4. c4 Nb6 5. exd6 exd6 6. Nc3 Be7 7. Bd3 Nc6 8.
Nge2 Bg4 9. f3 Bh5 10. O-O Bg6 11. b3 Bf6 12. Be3 1/2-1/2

[Event "Memorial Sergio Pons"]
[Site "Ciutadella ESP"]
[Date "2009.01.04"]
[Round "9.5"]
[White "Alonso Garcia, Rene"]
[Black "Movsziszian, Karen"]
[Result "1/2-1/2"]
[WhiteElo "2368"]
[BlackElo "2553"]
[PlyCount "25"]
[EventDate "2008.12.28"]
[EventType "tourn"]
[EventRounds "9"]
[EventCountry "ESP"]
[EventCategory "3"]
[Source "lmi"]
[SourceDate "2008.12.27"]

1. e4 g6 2. d4 Bg7 3. Nf3 d6 4. h3 Nf6 5. Nc3 O-O 6. Be3 c6 7. a4 Nbd7 8. Be2
e5 9. dxe5 dxe5 10. Nd2 Qe7 11. Nc4 Ne8 12. h4 Nc7 13. Qd6 1/2-1/2